000 01420pam a2200301 a 4500
999 _c61717
_d61717
001 3431342
005 20240419170250.0
008 910508s1992 flua b 101 0 eng c
010 _a 91007106
020 _a0894646265 (alk. paper)
040 _aDNLM/DLC
_cDLC
_dDLC
080 _a615 T-45
111 2 _aInternational Conference on Phenothiazines and Structurally Related Psychotropic Compounds
_n(6th :
_d1990 :
_cPasadena, Calif.)
_921890
245 1 0 _aThiazines and structurally related compounds :
_bproceedings of the Sixth International Conference on Phenothiazines and Structurally Related Psychotropic Compounds, Pasadena, California, September 11-14, 1990 /
_cexecutive editor, Hendrik Keyzer ; editors, George M. Eckert ... [et al.].
260 _aMalabar, Fla. :
_bKrieger Pub. Co.,
_c1992.
300 _axxi, 454 p. :
_bill. ;
_c29 cm.
504 _aIncludes bibliographical references and index.
650 0 _aThiazines
_xTherapeutic use
_xTesting
_xCongresses.
_921891
650 0 _aThiazines
_xCongresses.
_921892
650 2 _aPhenothiazine Tranquilizers
_xcongresses.
_921893
653 _aწამალთმცოდნეობა
653 _aმედიცინა
700 1 _aKeyzer, Hendrik.
_921894
700 1 _aEckert, George M.
_921895
906 _a7
_bcbc
_corignew
_d1
_eocip
_f19
_gy-gencatlg
942 _2udc
_cᲬᲘᲒᲜᲘ
955 _aCIP ver. bc27 03-07-92; to SL 03-16-92